|
|
|
|
| LEADER |
00603cam a2200193 7i4500 |
| 001 |
0000023204 |
| 005 |
20151104090000.0 |
| 005 |
##20151104125400.0 |
| 003 |
##MY-KlINT |
| 020 |
# |
# |
|a 7561910428
|
| 039 |
# |
9 |
|y 201511041254
|z VLOAD
|
| 090 |
0 |
0 |
|a E 495.1
|b NEW
|
| 245 |
0 |
0 |
|a New practical Chinese reader :
|b workbook (book 1) /
|c Liu Xun.
|
| 260 |
# |
# |
|a Beijing, China:
|b Beijing Language University,
|c 2002.
|
| 300 |
# |
# |
|a 122 p:
|b ill;
|c 28cm.
|
| 500 |
# |
# |
|a English and Chinese test
|
| 650 |
# |
0 |
|a Chinese language --
|x Rhetoric
|
| 650 |
# |
0 |
|a Chinese language --
|x Chinese --
|x Study and teaching
|
| 700 |
0 |
# |
|a Liu,
|h Xun
|